| 000 | 00371nam a2200121Ia 4500 | ||
|---|---|---|---|
| 008 | 220204s9999 xx 000 0 und d | ||
| 082 |
_a630*81 _bUNI |
||
| 245 | 0 | _aBehaviour of wood products in fire | |
| 260 |
_aEngland _bPergamon _c1977 |
||
| 505 | _aProceedings of a seminar organized by the timber committee of the UNECE, 1977 | ||
| 650 | _aFire retarding | ||
| 942 | _cBK | ||
| 999 |
_c34853 _d34853 |
||